000 nam a22 7a 4500
999 _c7616
_d7616
008 170922b xxu||||| |||| 00| 0 eng d
100 _94120
_aCBSE
245 _aAPS English Core
260 _aNew Delhi
_bAPH
_c2009